| 000 | 00591nam a22001817a 4500 | ||
|---|---|---|---|
| 020 | _qHard Cover. | ||
| 082 | _a621.3 | ||
| 100 | _aM. Usama Naveed | ||
| 245 |
_aEmulation of Quantum Computers by Digital technology / _cM. Usama Naveed. |
||
| 260 |
_aIslamabad : _bSEECS - NUST, _c2019. |
||
| 300 |
_a39 p. : ill. ; _c30cm. |
||
| 563 | _aHB | ||
| 650 |
_aElectrical Engineering-Project Report. _930780 |
||
| 700 |
_aDr. Osman Hassan. _926856 |
||
| 856 | _uhttp://10.250.8.41:8080/xmlui/handle/123456789/29582 | ||
| 942 |
_2ddc _cPR |
||
| 999 |
_c535933 _d535933 |
||